Understanding advanced chemistry through problem solving : (Record no. 51755)

MARC details
000 -LEADER
fixed length control field 00597nam a2200205Ia 4500
005 - DATE AND TIME OF LATEST TRANSACTION
control field 20260429112002.0
008 - FIXED-LENGTH DATA ELEMENTS--GENERAL INFORMATION
fixed length control field 260429s9999||||xx |||||||||||||| ||und||
020 ## - INTERNATIONAL STANDARD BOOK NUMBER
International Standard Book Number 9798886130355
041 ## - LANGUAGE CODE
Language English
082 ## - DEWEY DECIMAL CLASSIFICATION NUMBER
Classification number 540
Item number CHA
100 ## - MAIN ENTRY--PERSONAL NAME
Personal name Chan, Kim Seng
245 #0 - TITLE STATEMENT
Title Understanding advanced chemistry through problem solving :
Remainder of title the learner's approach, Vol. 1 /
Statement of responsibility, etc Kim Seng Chan
250 ## - EDITION STATEMENT
Edition statement 1st rev. ed.
260 ## - PUBLICATION, DISTRIBUTION, ETC. (IMPRINT)
Place of publication, distribution, etc Singapore :
Name of publisher, distributor, etc World Scientific Publishing,
Date of publication, distribution, etc 2024.
300 ## - PHYSICAL DESCRIPTION
Extent ix, 327 p.; pbk
440 ## - SERIES STATEMENT/ADDED ENTRY--TITLE
Volume number/sequential designation Vol. 1
650 ## - SUBJECT ADDED ENTRY--TOPICAL TERM
Topical term or geographic name as entry element Chemistry
700 ## - ADDED ENTRY--PERSONAL NAME
Personal name Tan, Jeanne
942 ## - ADDED ENTRY ELEMENTS (KOHA)
Koha item type Text Books
Holdings
Withdrawn status Lost status Damaged status Not for loan Collection code Home library Location Shelving location Date of Cataloging Source of acquisition Total Checkouts Full call number Barcode Date last seen Price effective from Koha item type
        Non-fiction CUTN Central Library CUTN Central Library Sciences 29/04/2026 Feel Books, Chennai - Invoice No. BLR/CRB/25-26/549 on 09-02-2026   540 CHA 56794 29/04/2026 29/04/2026 Text Books